<?xml version="1.0" encoding="UTF-8"?>
<collection xmlns="http://www.loc.gov/MARC21/slim">
  <record>
    <leader>00000nam  2200000   4500</leader>
    <controlfield tag="001">INLIS000000000001716</controlfield>
    <controlfield tag="005">20180724142924</controlfield>
    <controlfield tag="008">180724|||||||||   |   |||   |||| ||   | </controlfield>
    <datafield tag="035" ind1=" " ind2=" ">
      <subfield code="0">010-0718001716</subfield>
    </datafield>
    <datafield tag="041" ind1=" " ind2=" ">
      <subfield code="a">id</subfield>
    </datafield>
    <datafield tag="082" ind1=" " ind2=" ">
      <subfield code="a">R.068</subfield>
    </datafield>
    <datafield tag="090" ind1=" " ind2=" ">
      <subfield code="a">R.068 PIM I 2017</subfield>
    </datafield>
    <datafield tag="100" ind1=" " ind2=" ">
      <subfield code="a">Khasril</subfield>
    </datafield>
    <datafield tag="245" ind1=" " ind2=" ">
      <subfield code="a">Strategi Perubahan Mindset Dan Culture Set Penyidik POLRI Guna Terselenggaranya Pelayanan Prima Dalam Rangka Pemeliharaan Kamtibmas</subfield>
    </datafield>
    <datafield tag="260" ind1=" " ind2=" ">
      <subfield code="a">Jakarta</subfield>
      <subfield code="b">LAN Jakarta</subfield>
      <subfield code="c">2016</subfield>
    </datafield>
    <datafield tag="300" ind1=" " ind2=" ">
      <subfield code="a">vii, 30 hlm., Ilus, 30 cm</subfield>
    </datafield>
    <datafield tag="500" ind1=" " ind2=" ">
      <subfield code="a">Project leader kemudian membentuk tim efektif sebagai tim kerja yang akan mendukung implementasi Proyek Perubahan. Tim efektif ini terdiri dari unsure stakeholder internal yaitu Dir Reskrimum Polda Sulsel beserta staf dan juga unsur stakeholder eksternal yang terdiri dari kejati Sulsel, Pengadilan Tinggi Sulsel, Perguruan Tinggi, Ombudsman, Tokoh Masyarakat/Tokoh Agama, LSM, Pengacara/Advokat dan Media. Tim efektif kemudian bekerjasama untuk mengimplementasikan Proyek Perubahan ini.</subfield>
    </datafield>
    <datafield tag="650" ind1=" " ind2=" ">
      <subfield code="a">Pelayanan Prima</subfield>
    </datafield>
  </record>
</collection>
